000 00749nam a2200253 a 4500
001 50951
003 BD-RjUL
005 20211209075605.0
008 160816s1958 enk 001 0 eng d
035 _a(BD-RjUL)51071
040 _aDLC
_cTXR
_dOCL
_dBD-RjUL
_beng
041 _aeng
082 _a707
_bREE 1958
100 1 _aRead, Herbert,
_d1893-1968.
_9141488
245 1 0 _aEducation through art /
_cby Herbert Read
260 _aLondon :
_bFaber and Faber,
_c1958
300 _axxiv, 327 [57] p. :
_bill. ;
_c21 cm
504 _aIncludes bibliography and index
650 0 _aEducation
_xPhilosophy
_9152490
650 0 _aArt
_xPsychology
_9152290
650 0 _aArt
_xStudy and teaching
_9144211
942 _2ddc
_cBK
999 _c50951
_d50951